000
00327nam a22001337a 4500
005
20251007123807.0
008
250929b |||||||| |||| 00| 0 eng d
020
_a
978-93-48189-08-0
041
_a
HIN
245
_a
HINDI SHAHITYA KE SUTRADHAAR
260
_a
UTTAR PRADESH
_b
AKSHAR PLANT
_c
2024
300
_a
244;P
942
_c
BK
999
_c
8844
_d
8842